| 000 | 00395pab a2200169 454500 | ||
|---|---|---|---|
| 008 | 180718b2010 xxu||||| |||| 00| 0 eng d | ||
| 100 | _aAshwini Kumar | ||
| 245 | _aInternational terrorism and India | ||
| 260 | _c2010 | ||
| 300 | _ap.62-75. | ||
| 362 | _aJul-Sep | ||
| 650 | _aTerrorism - India | ||
| 650 | _aTerrorism | ||
| 773 | _aIndian Police Journal | ||
| 908 | _aN | ||
| 909 | _a91351 | ||
| 999 |
_c91351 _d91351 |
||